| 000 | 01761nam a2200289 a 4500 | ||
|---|---|---|---|
| 001 | 000012402 | ||
| 003 | DO-SdBNP | ||
| 005 | 20171002140017.0 | ||
| 007 | 000012402 | ||
| 008 | 091112s1994 dr a 000 j spa d | ||
| 040 |
_aBPMSU _bspa _cBPMSU |
||
| 082 | 0 | 4 |
_aRD863.5 _bP925c, 1994 |
| 111 | 2 |
_aPremio Casa de Teatro _d(1994 : _cSanto Domingo) |
|
| 245 | 1 | 0 |
_aCuentos premiados Casa de Teatro 1994 / _cedición José Mármol |
| 246 | 1 | 3 | _aConcurso de cuentos Casa de Teatro 1994 |
| 260 |
_aSanto Domingo : _bTaller, _c2001. |
||
| 300 |
_a125 p. : _bil. ; _c21 cm. |
||
| 505 | 0 |
_aPrimer premio -- "Luz de sueños" / _rAntonio Luis Veras- Seudonimo: Azul y negro -- _tSegundo premio -- "La impecable visión de la inocencia" / _rPedro Camilo - Seudonimo: Don Yorgos Seferis -- _tTercer premio -- "Quizás con las nubes de la tarde" / _rJosé Acosta - Seudonimo: Tertius -- _tMenciones -- "Macho blusa" / _rJeannette Miller - Seudonimo: Soprano -- _t"Las ñiñas que comían cerezas para espantar la muerte"/ _rPastor de Moya - Seudonimo: Ystad -- _t"Un día en la ciudad" / _rJuan Dicent Ortiz - Seudonimo: Treviranus -- _t"Los gatos, fetiches y otras orgías malditas" / _rRoberto ortiz - Seudonimo: El extranjero -- _t"El compromiso"/ _rBlanca Kais Barinas - Seudonimo: Flor de palma -- _t"En busca de ella" / _rLiliana Arendar - Seudonimo: Lía Caldas -- _t"La otra versión del sueño" / _rRoberto Sánchez - Seudonimo: Pablo Carpentier. |
|
| 650 | 4 | _aCUENTOS DOMINICANOS | |
| 650 | 4 | _aLITERATURA DOMINICANA | |
| 700 | 1 |
_aMármol, José _eed. |
|
| 710 | 2 | _aCasa de Teatro (República Dominicana) | |
| 910 | _aValidado. Control de calidad MFF | ||
| 942 |
_2ddc _cBK |
||
| 945 | _aTítulo remanejado para BNPHU / 2017 VM | ||
| 956 |
_aVMATEO _b10 _c20150327 _lBPMSU _h00151 |
||
| 999 |
_c7590 _d7590 |
||